ბათუმის შოთა რუსთაველის სახელმწიფო უნივერსიტეტის ბიბლიოთეკა

მეხილეობა (ბიბ.ჩანაწერი № 44593)

000 -LEADER
fixed length control field 00545nam a2200205Ia 4500
001 - CONTROL NUMBER
control field 11396
003 - CONTROL NUMBER IDENTIFIER
control field GE_BSU
008 - FIXED-LENGTH DATA ELEMENTS--GENERAL INFORMATION
fixed length control field 181216s||||||||xx |||||||||||||| ||und||
040 ## - CATALOGING SOURCE
Transcribing agency GE_BSU
080 ## - UNIVERSAL DECIMAL CLASSIFICATION NUMBER
Universal Decimal Classification number 634(075.8)
100 ## - MAIN ENTRY--PERSONAL NAME
Personal name ხომიზურაშვილი ნ.
245 ## - TITLE STATEMENT
Title მეხილეობა
245 ## - TITLE STATEMENT
Statement of responsibility, etc. რედ: ელ. ქაჯაია
260 ## - PUBLICATION, DISTRIBUTION, ETC.
Place of publication, distribution, etc. თბილისი.
260 ## - PUBLICATION, DISTRIBUTION, ETC.
Name of publisher, distributor, etc. ცოდნა
260 ## - PUBLICATION, DISTRIBUTION, ETC.
Date of publication, distribution, etc. 1963
300 ## - PHYSICAL DESCRIPTION
Extent 255გვ.26სმ.
653 ## - INDEX TERM--UNCONTROLLED
Uncontrolled term მეხილეობა
942 ## - ADDED ENTRY ELEMENTS (KOHA)
Koha item type წიგნი
ეგზემპლარები
Withdrawn status Lost status Damaged status Not for loan Date acquired Barcode Date last seen Price effective from Koha item type
        2018-12-17 19917 2018-12-17 2018-12-17 წიგნი
        2018-12-17 19918 2018-12-17 2018-12-17 წიგნი
        2018-12-17 19919 2018-12-17 2018-12-17 წიგნი
        2018-12-17 19920 2018-12-17 2018-12-17 წიგნი
        2018-12-17 19921 2018-12-17 2018-12-17 წიგნი
        2018-12-17 19922 2018-12-17 2018-12-17 წიგნი